Electroencefalografía clínica / (Record no. 54963)

MARC details
000 -LEADER
campo de control de longitud fija 00631nam a2200193 i 4500
001 - NÚMERO DE CONTROL
campo de control 54963
003 - IDENTIFICADOR DE NÚMERO DE CONTROL
campo de control ES-MaACL
005 - FECHA Y HORA DE LA ÚLTIMA TRANSACCIÓN
campo de control 20230906163045.0
007 - CAMPO FIJO DE DESCRIPCIÓN FÍSICA--INFORMACIÓN GENERAL
campo de control de longitud fija t|
008 - DATOS DE LONGITUD FIJA--INFORMACIÓN GENERAL
campo de control de longitud fija 030910s1967 sp ||||1| spa d
100 1# - ENTRADA PRINCIPAL--NOMBRE DE PERSONA
Nombre de persona Delay, Jean.
9 (RLIN) 43341
245 10 - MENCIÓN DEL TÍTULO
Título Electroencefalografía clínica /
Mención de responsabilidad, etc. por Jean Delay, Georges Verdeaux ; versión J.M. Samsó Díez y J. Vila Badó.
260 ## - PUBLICACIÓN, DISTRIBUCIÓN, ETC.
Lugar de publicación, distribución, etc. Barcelona :
Nombre del editor, distribuidor, etc. Toray Masson,
Fecha de publicación, distribución, etc. [1967]
300 ## - DESCRIPCIÓN FÍSICA
Extensión XII, 242 p., 14 gráf. ;
Dimensiones 25 cm.
700 1# - ENTRADA AGREGADA--NOMBRE PERSONAL
Nombre de persona Verdeaux, Georges.
9 (RLIN) 114012
700 1# - ENTRADA AGREGADA--NOMBRE PERSONAL
Nombre de persona Samsó Díez, J. M.
9 (RLIN) 102208
700 1# - ENTRADA AGREGADA--NOMBRE PERSONAL
Nombre de persona Vila Badó, J.
9 (RLIN) 114710
852 ## - LOCALIZACIÓN
Ubicación ES-MaACL
Número de control de estantería C-33951
Sublocalización o colección R.64332
Holdings
Estatus retirado Estado de pérdida Estado de daño No para préstamo Biblioteca de origen Biblioteca actual Ubicación en estantería Fecha de adquisición Fuente de adquisición Total de préstamos Signatura topográfica completa Código de barras Visto por última vez Precio de reemplazo Tipo de ítem Koha
        Biblioteca del Ateneo de Madrid Biblioteca del Ateneo de Madrid Depósito 2 17/01/2008     C-33951 1057758 23/02/2023 23/02/2023 Libro impreso